| 000 | 00407cam a2200157 i 4500 | ||
|---|---|---|---|
| 020 | _a9780801097072 (pbk.) | ||
| 041 | _aENG | ||
| 082 | 0 | 0 |
_a241 _bTUR |
| 100 | 1 | _aTurner, Philip, | |
| 245 | 1 | 0 | _aChristian ethics and the church : |
| 260 |
_aUnited Stated of America _bBaker Academic _c2015 |
||
| 300 | _axxiii, 289 pages ; | ||
| 650 | 0 | _aChristian ethics. | |
| 650 | 0 | _aTheology, Doctrinal. | |
| 942 | _cBK | ||
| 999 |
_c22453 _d22453 |
||